000 00970nam a22003137a 4500
003 CHAP
005 20220329133420.0
008 971013s1992 r 00010 d
010 _a6123
011 _a7095
035 _a6318
040 _cCHAP
100 0 0 _aNava Sánchez, Salvador.
_980481
245 _aProducción intensiva de lechuga (Lactuca sativa L.) en hidroponia bajo invernadero
260 _aChapingo, Méx. :
_bEl autor,
_c1992
300 _a91 h.
_b; gráfs.
500 _a61-14
590 _aBATCH-UPD
_b10
_c20130110
_lUCH01
_h0915
590 _aBATCH-UPD
_b10
_c20130410
_lUCH01
_h0539
590 _aBATCH-UPD
_b10
_c20130914
_lUCH01
_h1128
590 _aCONVERSION
_b10
_c20130109
_lUCH01
_h1304
650 1 4 _aCultivos en invernadero.
_930376
650 1 4 _aHidroponía.
_955280
650 1 4 _aLechuga
_xRendimiento.
_965476
650 1 4 _aLechuga
_xVariedades.
_965479
901 _aBK
942 _cTESIS
949 _bBC
_cTES
_d-15919
_eTS1
_h25281
_i6318
_si
999 _c6123
_d6123